01429nam a22003494a 4500001001200000003000800012006001900020007001500039008004100054010001700095020001500112040002100127035002000148050002400168082002000192100002200212245012400234260005900358300001600417490001900433504006400452533015200516650006800668650006400736650003200800650002000832655002900852710001700881830003800898856012600936999001701062ebr10042837CaPaEBRm u cr cn|||||||||020603s2003 cau sb 001 0 eng  z 2002008769 z0804729840 aCaPaEBRcCaPaEBR a(OCoLC)5489164914aPJ5020b.G53 2003eb04a892.4/093582211 aGluzman, Michael.14aThe politics of canonicityh[electronic resource] :blines of resistance in modernist Hebrew poetry /cMichael Gluzman. aStanford, Calif. :bStanford University Press,cc2003. axiv, 250 p.1 aContraversions aIncludes bibliographical references (p. 189-239) and index. aElectronic reproduction.bPalo Alto, Calif. :cebrary,d2013.nAvailable via World Wide Web.nAccess may be limited to ebrary affiliated libraries. 0aHebrew literature, Moderny20th centuryxHistory and criticism. 0aHebrew poetry, Moderny20th centuryxHistory and criticism. 0aNationalism and literature. 0aJewsxIdentity. 7aElectronic books.2local2 aebrary, Inc. 0aContraversions (Stanford, Calif.)40uhttp://site.ebrary.com/lib/rucke/Doc?id=10042837zAn electronic book accessible through the World Wide Web; click to view c59571d59571